Interaktívny systém na automatizované spracovanie historických šifrovaných dokumentov

Saved in:
Bibliographic Details
Main Author: Žúdel, Patrik (Author)
Other Authors: Marák, Pavol (Thesis advisor)
Format: Manuscript Book
Language:Slovak
Published: Bratislava : STU v Bratislave FEI, 2022
Subjects:
Online Access:https://opac.crzp.sk/?fn=detailBiblioFormChildGRP8N&sid=85CE14C1EED0152B7833DA9735B2&seo=CRZP-detail-kniha
Tags: Add Tag
No Tags, Be the first to tag this record!

MARC

LEADER 00000ntm a22000003a 4500
001 stuzp88819
003 SK-STU
005 20230321123812.2
007 ta
008 150427s2015----xo-----f-mn---000-0-slo-d
040 |a STU  |b slo 
041 0 |a slo 
044 |a xo 
100 1 |a Žúdel, Patrik  |u 035000  |4 aut  |U FEI Fakulta elektrotechniky a informatiky  |T FEI Ústav informatiky a matematiky  |X 104638  |U E050  |Y 816  |7 104638 
242 0 1 |a Interactive system for processing of handwritten encrypted documents  |y eng 
245 1 0 |a Interaktívny systém na automatizované spracovanie historických šifrovaných dokumentov 
260 |a Bratislava :  |b STU v Bratislave FEI,  |c 2022 
300 |a 55 s., príl. 
650 4 |a web aplikácia  |2 slo 
650 4 |a OpenCV  |2 slo 
650 4 |a Flask  |2 slo 
650 4 |a predspracovanie obrazu  |2 slo 
650 4 |a strojové učenie  |2 slo 
650 4 |a machine learning  |2 eng 
650 4 |a web application  |2 eng 
650 4 |a OpenCV  |2 eng 
650 4 |a Flask  |2 eng 
650 4 |a image preprocessing  |2 eng 
700 1 |a Marák, Pavol  |u 035000  |k Z1  |4 ths  |U FEI Fakulta elektrotechniky a informatiky  |T FEI Ústav informatiky a matematiky  |X 50790  |U E050  |Y 816  |7 A000050790 
856 4 |u https://opac.crzp.sk/?fn=detailBiblioFormChildGRP8N&sid=85CE14C1EED0152B7833DA9735B2&seo=CRZP-detail-kniha